| 000 | 01978cam a22004814i 4500 | ||
|---|---|---|---|
| 003 | PE-LiUPU | ||
| 005 | 20250731172757.0 | ||
| 008 | 150617s r 000 0 d | ||
| 020 | _a8428403546 | ||
| 035 | _a(Sirsi) i9788428403542 | ||
| 040 |
_aPE-LiUPU _bspa _cPE-LiUPU _erda |
||
| 049 | _aPRUA | ||
| 082 | 0 | 4 |
_a241 _bI59 _221 |
| 110 | 2 | _aInstituto superior de ciencias morales | |
| 245 | 1 | 0 |
_aPerspectivas de moral bíblica / _cInstituto superior de ciencias morales. |
| 264 | 1 |
_aMadrid : _bEditorial PS, _c1984. |
|
| 300 |
_a195 páginas ; _c22 centímetros |
||
| 336 |
_atext _2rdacontent |
||
| 337 |
_aunmediated _2rdamedia |
||
| 338 |
_avolume _2rdacarrier |
||
| 490 | 0 |
_aColección Estudios de etica teológica ; _v5 |
|
| 505 | 0 | _aLey y alianza autonomía de la ética en el pensamiento del antiguo testamento -- La paz bíblica como imperativo de liberación -- La ética profética. Frente a la pobreza desde la justicia -- El consejo del sabio. Una moral de índole humanista -- La ética Paulina. El fundamento de la vida cristiana según San Pablo -- Etica narrativa en los evangelios, aproximaciones generalesde carácter metodológico y temático -- La moral del nuevo testamento, boletín bibliográfico. | |
| 526 | _aSEG42 | ||
| 526 | _aSEG41 | ||
| 526 | _aSEG40 | ||
| 526 | _aSEG39 | ||
| 526 | _aP94 | ||
| 526 | _aP87 | ||
| 526 | _aP86 | ||
| 526 | _aP85 | ||
| 526 | _aP77 | ||
| 526 | _aP76 | ||
| 526 | _aP35 | ||
| 630 |
_aBIBLIA _pA.T. _xETICA. |
||
| 630 |
_aBIBLIA _xMORAL. |
||
| 910 |
_ajck _bjvq _cjck _d20150616 |
||
| 942 |
_2ddc _cBOOK |
||
| 949 |
_a241 I59 _wDEWEY _c1 _i23214 _lCCODEBUL1 _mBUL _r0 _sY _tBOOK _u2015-6-17 _xTEOLOGIA _PP35 _0COMPRA _o.STAFF. Colección General |
||
| 994 |
_aC0 _bPEPRU |
||
| 596 | _a1 | ||
| 999 |
_a241 I59 _wDEWEY _c3118 _i23214 _d3118 _f2021-11-10 _g4 _lCCODEBUL1 _mBUL _q1 _r0 _sY _tBOOK _u2015-6-17 _xTEOLOGIA _PP35 _0COMPRA _o.STAFF. Colección General |
||
| 980 |
_81 _gALBERTO SANCHEZ Responsable de Automatización |
||